Gaming Quiz

Random Gaming or Mario Quiz
Score 0/8 Timer 04:00
0 Plays Today
% Correct
Bowser
84.5%
Iggy Koopa
81.4%
Morton Koopa jr.
71.4%
Ludwig von Koopa
70.4%
Wendy O. Koopa
69.4%
Lemmy Koopa
69.2%
Roy Koopa
65.8%
Larry Koopa
60.9%
Remove Ads.
Support Sporcle.
Get the best of Sporcle when you Go Orange. This ad-free experience offers more features, more stats, and more fun while also helping to support Sporcle. Thank you for becoming a member.

You're not logged in!

Compare scores with friends on all Sporcle quizzes.
OR
Log In

Show Comments

Extras

Top Quizzes Today


Score Distribution

Your Account Isn't Verified!

In order to create a playlist on Sporcle, you need to verify the email address you used during registration. Go to your Sporcle Settings to finish the process.

Report this User

Report this user for behavior that violates our Community Guidelines.

Details: